00321nam a2200121Ia 4500008004100000020001500041041001200056100001700068245006500085260002500150300000800175650001600183221030s9999 xx 000 0 und d a0074601423 aEnglish aB. Gottfried 0aTheory & Problems of Programmimg with Basiccby B. Gottfried bTMHaNew Delhic1995 a386 aBB Computer